00778cam a22002657a 45000010009000000050017000090080041000260100017000670200015000840350023000990400018001220410008001400420014001480430012001620800012001740820016001861000007002021010008002092450059002175040051002769060045003279420012003729990017003849520111004011353370120180109084944.0040323s2004 mauab b 001 0 eng d a 2001133352 a0395660726 a(OCoLC)ocm54063861 aCPCcCPCdDLC aeng alccopycat ae-ur--- a947 WOY00a947 WOY222 a16 aHIS02aA history of Russia :cCatherine Evtuhov ... [et al.]. aIncludes bibliographical references and index. a7bcbcccopycatd1encipf20gy-gencatlg 2ddccBK c39967d39967 00102udc40708PËKGa002b002cPËKGd2018-01-09l0o947 WOYp002-2995172r2018-01-09w2018-01-09yBK